Normal view
MARC view
- Indígenas de México
Entry Materia
001 - NÚMERO DE CONTROL DEL REGISTRO
- campo de control: 48758
003 - IDENTIFICADOR DE NUMERO DE CONTROL
- campo de control: MX-MxUPN
005 - FECHA Y HORA DE LA ÚLTIMA TRANSACCIÓN
- campo de control: 20231123101436.0
008 - DATOS DE LONGITUD FIJA
- campo de control de longitud fija: 230428dn fnnnnbaba n ana d
040 ## - FUENTE DE LA CATALOGACIÓN
- Centro catalogador de origen: MX-MxUPN
- Lengua de catalogación: spa
150 ## - ENCABEZAMIENTO - TEMÁTICO
- Término de materia o nombre geográfico como elemento inicial: Indígenas de México
- Subdivisión geográfica: Oaxaca
- Subdivisión de materia general: Vida social y costumbres
- Subdivisión de forma: Literatura infantil
450 ## - VÉASE - MATERIA
- Encabezamiento temático: Indios de México
- Subdivisión geográfica: Oaxaca
- Subdivisión temática general: Vida social y costumbres
- Subdivisión de forma: Literatura infantil
- Subcampo de control: nno
670 ## - FUENTE EN LA QUE SE LOCALIZARON DATOS
- Cita de la fuente: Autoridades BGTQ, 28 abril 2023:
- Información localizada: (Indígenas de México-- Oaxaca -- Vida social y costumbres) subdivisión de forma (Literatura infantil)
902 ## - CATALOGADOR
- Catalogador: NDAF/280423
- Catalogador: VíctorGodínez/231123
